000 00759nam a22002657a 4500
001 BR9002081
003 BR-BrBNA
005 20230928093437.0
007 ta
008 230509b bl.||||| |||| 00| 0 por d
040 _aBR-BrBNA
_bpor
_cBiblioteca Nacional de Agricultura
041 _a(Eng, Por)
072 _aH20
_b0336
_b4120
090 _ 0336 BR9002081
100 1 _aAlbergone, N.
110 1 _aCentro Nacional de Pesquisa de Soja, Londrina, PR (Brasil)
_91793
245 1 _aQueima da haste e da vagem [Diaporthe phaseolorum var. sojae, Bibliografia]
260 3 _aLondrina, PR (Brasil):
_c1987.
300 _a5 p.
650 _aSOJA
650 _aFUNGO
650 _aDOENCA DE PLANTA
909 _a202309
_bLucia
_c55
_dLucia Elande
942 _cBK
999 _c45021
_d45021